Organic Chemistry Vol. 2 / (Record no. 5541)
[ view plain ]
| 000 -LEADER | |
|---|---|
| fixed length control field | 00707nam a2200277Ia 4500 |
| 001 - CONTROL NUMBER | |
| control field | 5554 |
| 005 - DATE AND TIME OF LATEST TRANSACTION | |
| control field | 20240113233837.0 |
| 007 - PHYSICAL DESCRIPTION FIXED FIELD--GENERAL INFORMATION | |
| fixed length control field | ta |
| 008 - FIXED-LENGTH DATA ELEMENTS--GENERAL INFORMATION | |
| fixed length control field | 050621s1980 a g b000 u eng u |
| 020 ## - INTERNATIONAL STANDARD BOOK NUMBER | |
| International Standard Book Number | 0-582-44635-X |
| 040 ## - CATALOGING SOURCE | |
| Original cataloging agency | Cotton College,Assam |
| 041 ## - LANGUAGE CODE | |
| Language code of text/sound track or separate title | eng |
| 082 ## - DEWEY DECIMAL CLASSIFICATION NUMBER | |
| Classification number | 547 |
| Item number | F 49 Or |
| 100 ## - MAIN ENTRY--PERSONAL NAME | |
| Personal name | Finar, I.L. . |
| 245 #0 - TITLE STATEMENT | |
| Title | Organic Chemistry Vol. 2 / |
| Statement of responsibility, etc. | I.L. Finar. |
| Medium | Textual Documents |
| 250 ## - EDITION STATEMENT | |
| Edition statement | 5th ed. / |
| 260 ## - PUBLICATION, DISTRIBUTION, ETC. | |
| Place of publication, distribution, etc. | Essex : |
| Name of publisher, distributor, etc. | Longmans Group Ltd , |
| Date of publication, distribution, etc. | 1980. |
| 300 ## - PHYSICAL DESCRIPTION | |
| Extent | xiii, 942p. : |
| Other physical details | ill. ; |
| Dimensions | 25cm . |
| 504 ## - BIBLIOGRAPHY, ETC. NOTE | |
| Bibliography, etc. note | Index |
| 653 ## - INDEX TERM--UNCONTROLLED | |
| Uncontrolled term | Chemistry |
| 653 ## - INDEX TERM--UNCONTROLLED | |
| Uncontrolled term | Organic Chemistry |
| 653 ## - INDEX TERM--UNCONTROLLED | |
| Uncontrolled term | PG-Chemistry |
| 942 ## - ADDED ENTRY ELEMENTS (KOHA) | |
| Source of classification or shelving scheme | Dewey Decimal Classification |
| Koha item type | Books |
| Withdrawn status | Lost status | Damaged status | Not for loan | Collection | Home library | Current library | Date acquired | Coded location qualifier | Total checkouts | Full call number | Barcode | Date last seen | Copy number | Price effective from | Koha item type |
|---|---|---|---|---|---|---|---|---|---|---|---|---|---|---|---|
| Dr. Suryya Kumar Bhuyan Library | Dr. Suryya Kumar Bhuyan Library | 01/02/2012 | 00000 | 547 F 49 Or | 77993 | 13/01/2024 | 1 | 01/02/2012 | Books |
